| 000 | 00749nmc a2200265 a 4500 | ||
|---|---|---|---|
| 003 | AR-BaBNM | ||
| 005 | 20251128203350.0 | ||
| 008 | 196019s1966 ||||||||||||||000 | spa|| | ||
| 040 | _cAR-BaBNM | ||
| 100 | 1 |
_aCruz, Jorge _d1930 |
|
| 245 | 1 | 0 | _aGenio y figura de Florencio Sánchez |
| 260 |
_aBuenos Aires _bEudeba _c1966 |
||
| 300 | 0 |
_a191 p. _bil. |
|
| 490 | 0 |
_aGenio y figura _vv. 10 |
|
| 500 | 0 | _aCronología: p. 5-14 | |
| 500 | 0 | _aNómina de sus obras teatrales por orden cronológico: p. 186-187 | |
| 504 | _aContiene bibliografía en p. 187 | ||
| 650 | 4 | _aLITERATURA ARGENTINA | |
| 650 | 4 | _aINMIGRACION EN ARGENTINA | |
| 650 | 4 | _aTEATRO | |
| 650 | 4 | _aANALISIS LITERARIO | |
| 655 | _aLITERATURA | ||
| 942 | _cBK | ||
| 998 | _cisola | ||
| 999 |
_c3053 _d3053 |
||